000
00323nam a2200145Ia 4500
008
240830s1901 xx 000 0 und d
041
_a
eng
082
_a
0 YAD
100
_a
YADAVSHARMANA
245
_a
SUSHRUTSAMHITA
260
_b
N.D.
_c
1901
650
_a
SHALAKAYA-TANTRA
906
_a
N.D.
999
_c
1191349
_d
1191349